UM Logo

A beach for all / (Record no. 22936)

MARC details
000 -LEADER
fixed length control field 00605nam a22001577a 4500
005 - DATE AND TIME OF LATEST TRANSACTION
control field 20250206170719.0
008 - FIXED-LENGTH DATA ELEMENTS--GENERAL INFORMATION
fixed length control field 241026b |||||||| |||| 00| 0 eng d
100 ## - MAIN ENTRY--PERSONAL NAME
Personal name Strochlic, Nina.
Relator term author.
9 (RLIN) 63490
245 ## - TITLE STATEMENT
Title A beach for all /
Statement of responsibility, etc. Nina Strochlic, and Ismail Ferdous.
260 ## - PUBLICATION, DISTRIBUTION, ETC. (IMPRINT)
Place of publication, distribution, etc. Washington ;
Name of publisher, distributor, etc. National Geographic Partners, LLC.,
Date of publication, distribution, etc. September 2022.
300 ## - PHYSICAL DESCRIPTION
Extent volume 241, pages 126-133,
Other physical details illustration.
500 ## - GENERAL NOTE
General note National Geographic, v. 242, n. 3, pages 126-133, September 2022.
700 ## - ADDED ENTRY--PERSONAL NAME
Personal name Strochlic, Nina.
Relator term author.
9 (RLIN) 63489
700 ## - ADDED ENTRY--PERSONAL NAME
Personal name Ferdous, Ismail.
Relator term author.
9 (RLIN) 63491
942 ## - ADDED ENTRY ELEMENTS (KOHA)
Source of classification or shelving scheme Dewey Decimal Classification
Koha item type Periodicals
Holdings
Withdrawn status Lost status Source of classification or shelving scheme Damaged status Not for loan Collection code Home library Current library Date acquired Total Checkouts Date last seen Price effective from Koha item type Public note
    Dewey Decimal Classification     Periodicals UM Digos College - LIC UM Digos College - LIC 10/26/2024   10/26/2024 10/26/2024 Periodicals Periodical Article